000 01274nam a22003497a 4500
001 BR8201975
003 BR-BrBNA
005 20230928091307.0
007 ta
008 230509b bl.||||| |||| 00| 0 por d
040 _aBR-BrBNA
_bpor
_cBiblioteca Nacional de Agricultura
041 _a(Por)
072 _aF25; F60
_b0336
_b3820
090 _ 0336 BR8201975
100 1 _aBonetti, R.
110 1 _aEscola Superior de Agricultura Luiz de Queiroz, Piracicaba, SP (Brasil)
_0Tese (Mestre em Solos e Nutricao de Plantas)
245 1 _aEfeito do N do solo na fixacao simbiotica do N2 e na utilizacao de fertilizante nitrogenado em soja (Glycine max (L.)Merril)[Nitrogenio]
246 1 _aEffect of soil nitrogen on symbiotic N2-FIXATION AND N-fertilizer utilization in soybean (Glycine max (L.)Merril)[Nitrogen]
260 3 _aPiracicaba, SP (Brasil):
_c1982.
300 _a149 p.
500 _a6 illus.; 24 tables; Bibliography p. 105-124 (146 ref.); Summaries (Eng, Por)
650 _aSOJA
650 _aNITROGENIO
650 _aFIXACAO SIMBIOTICA DE NITROGENIO
650 _aSOLO
650 _aADUBACAO
650 _aMINERALIZACAO
650 _aFertilizante nitrogenado
650 _aINOCULACAO
909 _a202309
_bLucia
_c55
_dLucia Elande
942 _cBK
999 _c33243
_d33243